| 000 | 00899nam a2200193Ia 4500 | ||
|---|---|---|---|
| 005 | 20251215152029.0 | ||
| 008 | 250219s9999||||xx |||||||||||||| ||und|| | ||
| 100 | _aحفيظي، منيب | ||
| 245 | 0 | _aاستخدام تكنولوجيا الإعلام و الإتصال الحديثة و مدى انعكاسها على تدريس النشاطات البدنية و الرياضية | |
| 260 |
_aالجزائر _c2014 |
||
| 300 |
_a245 و. _c30 سم. |
||
| 502 | _aدكتوراه | ||
| 502 | _cمعهد التربية البدنية و الرياضية، جامعة الجزائر 3 | ||
| 653 | _aالنشاط البدني الرياضي التربوي | ||
| 653 | _aتكنولوجيا الإعلام و الإتصال | ||
| 700 | _aبن عقيلة, كمال | ||
| 710 | _aمعهد التربية البدنية و الرياضية، جامعة الجزائر 3 | ||
| 942 | _cأطروحات | ||
| 999 |
_c14413 _d14413 |
||